000 19880cam a2203637 i 4500
999 _c55668
001 lwcpmwd8jzxmtc6x
003 LIBRIS
005 20210128124354.0
008 191015s2020 sw |||||||||||000 0aswe|d
020 _a9789150947168
_qinbunden
035 _a(BOKR)9789150947168
035 _a(OCoLC)1151925481
040 _aBOKR
_bswe
_dBtj
_dL
_dS
_ei
_erda
041 1 _aswe
_heng
082 0 4 _a306.4613092
_223/swe
084 _aLz Hagen, Sofie
_2kssb/8
084 _aDokb
_2kssb/8
100 1 _aHagen, Sofie,
_d1988-
_4aut
240 1 0 _aHappy fat
_lSvenska
245 1 0 _aHappy fat /
_cSofie Hagen ; översättning Rebecka Edgren Aldén ; med förord av Stina Wollter.
246 1 4 _aHappy fat :
_bhur du tar plats i en värld som krymper dig
264 1 _aStockholm :
_bHarperlife,
_c2020
300 _a350 sidor
_c22 cm
336 _atext
_btxt
_2rdacontent
337 _aunmediated
_bn
_2rdamedia
338 _avolume
_bnc
_2rdacarrier
520 _aHur du tar plats i en värld som krymper dig. Med exklusivt förord av Stina Wollter. "Jag är fet och jag älskar min kropp. Jag är lyckligt lottad som kan säga så och det har krävt mycket arbete och tagit lång tid. Nu vill jag berätta för dig vad jag har lärt mig och hur jag nådde hit."
600 1 4 _aHagen, Sofie,
_d1988-
650 7 _aKroppsuppfattning
_0https://id.kb.se/term/sao/Kroppsuppfattning
_2sao
650 7 _aSjälvacceptans
_0https://id.kb.se/term/sao/Sj%C3%A4lvacceptans
_2sao
650 7 _aKvinnliga komiker
_0https://id.kb.se/term/sao/Kvinnliga%20komiker
_2sao
650 7 _aÖvervikt
_xpsykologiska aspekter
_0https://id.kb.se/term/sao/%C3%96vervikt--psykologiska%20aspekter
_2sao
650 7 _aFetma
_2swemesh
650 7 _aKroppsuppfattning
_2swemesh
650 7 _aSjälvuppfattning
_2swemesh
650 7 _aAttityd
_2swemesh
650 7 _aPersonliga berättelser som ämne
_2swemesh
650 7 _aMänniskokroppen
_xattityder till
_2sao
650 0 _aWomen comedians
650 0 _aBody image
650 0 _aSelf-acceptance
_0(DLC)sh 85119710
655 7 _aSjälvbiografier
_0https://id.kb.se/term/saogf/Sj%C3%A4lvbiografier
_2saogf
700 1 _aEdgren Aldén, Rebecka,
_d1972-
_4trl
_0https://libris.kb.se/75knslkr37w72xm#it
887 _a{"@id":"lwcpmwd8jzxmtc6x","modified":"2020-04-30T14:37:36.031+02:00","checksum":"213783641820"}
_2librisxl
887 _a{"@id":"t52dt486rnmsx7qx","modified":"2020-03-04T09:17:12.608+01:00","checksum":"171067141086"}
_2librisxl
887 _a{"@id":"p14q0t52msl0txvf","modified":"2020-03-31T14:16:26.814+02:00","checksum":"171387030779"}
_2librisxl
887 _a{"@id":"kwx9lzf8hllrhcph","modified":"2020-03-20T12:17:13.909+01:00","checksum":"169428754219"}
_2librisxl
887 _a{"@id":"dqhtj29cbct86q85","modified":"2020-01-10T12:16:20.143+01:00","checksum":"172102162749"}
_2librisxl
887 _a{"@id":"3fjgrbsf1pvvzr2x","modified":"2020-04-03T12:16:24.065+02:00","checksum":"173592827280"}
_2librisxl
887 _a{"@id":"mz1qr9g2kh0krnpt","modified":"2020-03-23T15:16:18.775+01:00","checksum":"168101455306"}
_2librisxl
887 _a{"@id":"9mp6qvnw7vl4rb66","modified":"2020-03-30T12:16:15.311+02:00","checksum":"171712735023"}
_2librisxl
887 _a{"@id":"t55rc6hzr7301zbl","modified":"2020-03-05T11:09:11.01+01:00","checksum":"183134251316"}
_2librisxl
887 _a{"@id":"5hxhhdn23snpj2gh","modified":"2020-06-26T12:16:19.178+02:00","checksum":"171572962122"}
_2librisxl
887 _a{"@id":"8lr0p58r6274gmzl","modified":"2020-04-23T10:05:35.321+02:00","checksum":"182553458831"}
_2librisxl
887 _a{"@id":"cppfrtts95mt2lw1","modified":"2020-03-06T13:16:26.862+01:00","checksum":"171648355730"}
_2librisxl
887 _a{"@id":"n019wm8dlfx2mjl5","modified":"2020-03-19T17:17:15.743+01:00","checksum":"165103639385"}
_2librisxl
887 _a{"@id":"dqwtdmtmb7kvhssr","modified":"2020-04-20T18:16:16.827+02:00","checksum":"169587266028"}
_2librisxl
887 _a{"@id":"r33ks6xnpp6w285f","modified":"2020-03-12T15:17:22.197+01:00","checksum":"178840929165"}
_2librisxl
887 _a{"@id":"bnp23wmm8btmzv48","modified":"2020-03-20T17:16:13.242+01:00","checksum":"169338320419"}
_2librisxl
887 _a{"@id":"jv1dkv9pg552dxlb","modified":"2020-04-24T10:16:16.73+02:00","checksum":"165486016610"}
_2librisxl
887 _a{"@id":"2dh62q6d0j9rtjpk","modified":"2020-04-01T08:36:59.765+02:00","checksum":"178463759981"}
_2librisxl
887 _a{"@id":"7k27bsp95v7m620k","modified":"2020-07-10T12:16:17.531+02:00","checksum":"176750619962"}
_2librisxl
887 _a{"@id":"5hqglqgq3p709lk0","modified":"2020-05-06T15:16:13.479+02:00","checksum":"177295713026"}
_2librisxl
887 _a{"@id":"x8cs85kjvt5q1pgd","modified":"2020-04-07T15:16:22.533+02:00","checksum":"174023226873"}
_2librisxl
887 _a{"@id":"9mnk8f8g75zlnll4","modified":"2020-03-16T13:16:13.122+01:00","checksum":"172000794411"}
_2librisxl
887 _a{"@id":"3fjcm0j81fbj1136","modified":"2020-04-02T15:16:16.717+02:00","checksum":"171208084710"}
_2librisxl
887 _a{"@id":"w78l9h75ttsj7727","modified":"2020-03-20T08:03:11.13+01:00","checksum":"181208320921"}
_2librisxl
887 _a{"@id":"7kk9mp6151wtrq18","modified":"2020-03-06T13:16:13.689+01:00","checksum":"172245445275"}
_2librisxl
887 _a{"@id":"htxjx5l3f69lvbl4","modified":"2020-03-31T15:17:29.116+02:00","checksum":"170899322900"}
_2librisxl
887 _a{"@id":"5hpr8qm8309q4c8g","modified":"2020-04-30T15:16:17.558+02:00","checksum":"179750704349"}
_2librisxl
887 _a{"@id":"9ml05s7t7qxhnkds","modified":"2020-03-03T14:10:39.552+01:00","checksum":"172536352799"}
_2librisxl
887 _a{"@id":"q2bt5963nthbpcvh","modified":"2020-05-13T09:16:17.816+02:00","checksum":"175579329195"}
_2librisxl
887 _a{"@id":"frs12kjhcb6s91p4","modified":"2020-03-19T13:16:16.635+01:00","checksum":"170932781504"}
_2librisxl
887 _a{"@id":"lx6zlt2vj7481s83","modified":"2020-05-15T12:16:17.723+02:00","checksum":"176607242850"}
_2librisxl
887 _a{"@id":"w7jfl8t7t8p57wl4","modified":"2020-05-25T13:16:21.39+02:00","checksum":"168971341835"}
_2librisxl
887 _a{"@id":"x8jx3q2mv71tcs56","modified":"2020-05-12T11:16:18.122+02:00","checksum":"170884535004"}
_2librisxl
887 _a{"@id":"t57qftpprd6hgz6z","modified":"2020-03-30T13:16:20.067+02:00","checksum":"177823355649"}
_2librisxl
887 _a{"@id":"9mqbqznn7pzxkwhw","modified":"2020-03-31T15:17:36.11+02:00","checksum":"176677222569"}
_2librisxl
887 _a{"@id":"7klm6fds5cz7wshz","modified":"2020-03-17T16:17:12.879+01:00","checksum":"171188036875"}
_2librisxl
887 _a{"@id":"z9bg7s3rwqs4znc0","modified":"2020-03-18T14:42:33.303+01:00","checksum":"174708951282"}
_2librisxl
887 _a{"@id":"4gjfsctf2401071d","modified":"2020-03-25T11:16:24.037+01:00","checksum":"174415125004"}
_2librisxl
887 _a{"@id":"3fggrdlq1bhb1pzq","modified":"2020-03-17T14:17:12.939+01:00","checksum":"176784907060"}
_2librisxl
887 _a{"@id":"t5d4k9wzr334c03t","modified":"2020-05-06T17:16:15.808+02:00","checksum":"171414923549"}
_2librisxl
887 _a{"@id":"r31nr0cfp719nf3w","modified":"2020-02-25T14:16:21.691+01:00","checksum":"179805470241"}
_2librisxl
887 _a{"@id":"mzz4gfn1k9vlj2sp","modified":"2020-03-10T08:01:15.145+01:00","checksum":"172512718071"}
_2librisxl
887 _a{"@id":"q28zvfzlnbl62vqn","modified":"2020-04-27T13:16:29.969+02:00","checksum":"174275989408"}
_2librisxl
887 _a{"@id":"q2cd4629nl85j7rb","modified":"2020-05-26T14:16:23.396+02:00","checksum":"174420407491"}
_2librisxl
887 _a{"@id":"4gjbtk2k28vj7lwr","modified":"2020-03-24T15:17:15.457+01:00","checksum":"179539577181"}
_2librisxl
887 _a{"@id":"w788f75ftmjnqgf8","modified":"2020-03-17T13:23:33.57+01:00","checksum":"175809374439"}
_2librisxl
887 _a{"@id":"3fjv149s1x8jzncz","modified":"2020-04-06T16:16:28.897+02:00","checksum":"177590564775"}
_2librisxl
887 _a{"@id":"s43lbr88qq8bw12z","modified":"2020-03-04T08:03:41.907+01:00","checksum":"171125916195"}
_2librisxl
887 _a{"@id":"w77k2pv0tvsqknmx","modified":"2020-03-11T13:16:13.08+01:00","checksum":"168762936405"}
_2librisxl
887 _a{"@id":"bns0h48t8s56cm1r","modified":"2020-04-14T08:16:12.524+02:00","checksum":"175391225634"}
_2librisxl
887 _a{"@id":"n07vtgttlvgg1rns","modified":"2020-05-05T17:16:18.536+02:00","checksum":"169011172464"}
_2librisxl
887 _a{"@id":"5hh4g96v3z5fbvh6","modified":"2020-03-05T16:16:15.398+01:00","checksum":"180141114579"}
_2librisxl
887 _a{"@id":"lxxnp8kljshnq9fv","modified":"2020-03-06T11:17:24.98+01:00","checksum":"174593737260"}
_2librisxl
887 _a{"@id":"1cjrn5b6zq8ghb02","modified":"2020-04-23T11:16:22.145+02:00","checksum":"179451828138"}
_2librisxl
887 _a{"@id":"s4xz0p7mqpmfxdfm","modified":"2020-01-16T17:16:17.338+01:00","checksum":"176167853181"}
_2librisxl
887 _a{"@id":"5hqntdjc3zfh4dg9","modified":"2020-05-08T09:16:14.948+02:00","checksum":"166968459153"}
_2librisxl
887 _a{"@id":"cprsfwj59tt7k6r2","modified":"2020-03-26T10:17:13.096+01:00","checksum":"171045525002"}
_2librisxl
887 _a{"@id":"5hjjq61739z09zpx","modified":"2020-03-17T13:33:16.33+01:00","checksum":"176330082853"}
_2librisxl
887 _a{"@id":"3fkw9nm119kq88bx","modified":"2020-04-15T11:26:49.206+02:00","checksum":"174083764966"}
_2librisxl
887 _a{"@id":"1ccgdgzxz4gnhw4w","modified":"2020-03-09T15:17:15.904+01:00","checksum":"177243377767"}
_2librisxl
887 _a{"@id":"s464wc43qgm4pv1b","modified":"2020-03-25T14:16:14.156+01:00","checksum":"175872706096"}
_2librisxl
887 _a{"@id":"3fgl90c11nx6xctg","modified":"2020-03-18T14:16:12.006+01:00","checksum":"172894079713"}
_2librisxl
887 _a{"@id":"9mnx795970kc4hw5","modified":"2020-03-19T15:16:19.271+01:00","checksum":"170642510643"}
_2librisxl
887 _a{"@id":"cqg7twjs9qz1h1hc","modified":"2020-09-23T10:14:12.783+02:00","checksum":"175390233740"}
_2librisxl
887 _a{"@id":"0b8vjwmcxvrgv538","modified":"2020-04-09T07:11:25.324+02:00","checksum":"170713640364"}
_2librisxl
887 _a{"@id":"8ll5pvdc62295j3v","modified":"2020-03-13T14:16:35.559+01:00","checksum":"175158081592"}
_2librisxl
887 _a{"@id":"r3608f50phzf7c8m","modified":"2020-04-02T08:14:36.895+02:00","checksum":"173923830048"}
_2librisxl
887 _a{"@id":"n07q4c0qlbhn3c48","modified":"2020-05-04T16:16:31.945+02:00","checksum":"171016082501"}
_2librisxl
887 _a{"@id":"3fpbd7dz1n5lc126","modified":"2020-05-14T11:16:22.747+02:00","checksum":"165146017514"}
_2librisxl
887 _a{"@id":"jvwrb7pggpvp6mrs","modified":"2020-03-16T12:16:27.319+01:00","checksum":"179671213179"}
_2librisxl
887 _a{"@id":"6jlhvfj841sw31k9","modified":"2020-03-25T11:16:13.929+01:00","checksum":"169012903824"}
_2librisxl
887 _a{"@id":"s44k3clcq8m1lr0v","modified":"2020-03-12T10:22:26.996+01:00","checksum":"179139900589"}
_2librisxl
887 _a{"@id":"gslh4p13d3scbz3b","modified":"2020-01-15T17:16:20.745+01:00","checksum":"173710424374"}
_2librisxl
887 _a{"@id":"cprsqr629r89f2ww","modified":"2020-03-26T12:17:13.003+01:00","checksum":"172520865064"}
_2librisxl
887 _a{"@id":"q24dctljnf73x2pd","modified":"2020-03-28T13:16:11.006+01:00","checksum":"164525300445"}
_2librisxl
887 _a{"@id":"s44cqwrtq04j14fq","modified":"2020-03-10T15:17:16.017+01:00","checksum":"173397219201"}
_2librisxl
887 _a{"@id":"r35zmlh9psrs376m","modified":"2020-03-24T16:30:31.165+01:00","checksum":"177221876246"}
_2librisxl
887 _a{"@id":"3fgtff2c1hnr5dc9","modified":"2020-07-17T13:44:40.097+02:00","checksum":"171437695261"}
_2librisxl
887 _a{"@id":"lxwpd91hjmxwb972","modified":"2020-02-27T12:16:35.389+01:00","checksum":"172835700550"}
_2librisxl
887 _a{"@id":"cpp4zf7c982cb589","modified":"2020-03-12T12:17:13.273+01:00","checksum":"169825970157"}
_2librisxl
887 _a{"@id":"w77tqnskthctxlcq","modified":"2020-04-18T12:55:12.749+02:00","checksum":"173035804123"}
_2librisxl
887 _a{"@id":"r3j0f03lp99s81gx","modified":"2020-06-25T18:16:14.64+02:00","checksum":"171901097300"}
_2librisxl
887 _a{"@id":"n023bw07lgc7s2vq","modified":"2020-03-26T14:16:14.393+01:00","checksum":"171355645768"}
_2librisxl
887 _a{"@id":"x8dr0d46v2fprspb","modified":"2020-04-15T17:16:19.532+02:00","checksum":"179502842393"}
_2librisxl
900 1 s _6700
_d1972-
_uEdgren Aldén, Rebecka,
_d1972-
942 _2z
_cBOOK